000 00282nam a22001337a 4500
008 171025b xxu||||| |||| 00| 0 eng d
020 _a9780131962439
041 _aeng
080 _a311
100 _a55
101 _aSTA
245 _aSTATISTICS
_cSULLIVAN,M
942 _2udc
_cBK
999 _c35955
_d35955